| 000 -LEADER |
| fixed length control field |
01905nam a22001577a 4500 |
| 008 - FIXED-LENGTH DATA ELEMENTS--GENERAL INFORMATION |
| fixed length control field |
220509b ||||| |||| 00| 0 eng d |
| 100 ## - MAIN ENTRY--PERSONAL NAME |
| Personal name |
Sabini, Luca and Alderman, Neil |
| 245 ## - TITLE STATEMENT |
| Title |
The paradoxical profession: Project management and the contradictory nature of sustainable project objectives |
| 260 ## - PUBLICATION, DISTRIBUTION, ETC. (IMPRINT) |
| Place of publication, distribution, etc |
Project Management Journal |
| 300 ## - PHYSICAL DESCRIPTION |
| Extent |
52(4), Aug, 2021: p.379-393 |
| 520 ## - SUMMARY, ETC. |
| Summary, etc |
Professions are undergoing a significant change in how they integrate environmental and social objectives into their core values. This article examines the situation in which those working in the project management profession are expected to work under contradictory sustainability constraints. In this article, we investigate the tensions project managers experience when addressing sustainable objectives. Results show that when tensions arise over sustainable objectives (temporality of objectives, organizational barriers, and lack of control), they are addressed only when anchored to an economic one in the form of a business case for sustainability. We also find that when matching traditional project objectives with sustainable ones is not possible, practitioners enact a set of reactions characterized as greenwashing, it can’t be one person, no space for sustainability in my job, other actors involved, or pushing back, depending on the specific project context. Adopting the paradox theory lens, we provide an alternative approach to the business case for sustainability. The practical contribution of this article lies in suggesting the need to find strategies to embrace paradoxical situations and we provide some suggestions to illustrate this. – Reproduced |
| 650 ## - SUBJECT ADDED ENTRY--TOPICAL TERM |
| Topical term or geographic name as entry element |
Paradox theory, Project management, Sustainability, Paradoxical profession, Sustainable project management |
| 9 (RLIN) |
31007 |
| 773 ## - HOST ITEM ENTRY |
| Main entry heading |
Project Management Journal |
| 906 ## - LOCAL DATA ELEMENT F, LDF (RLIN) |
| Subject DIP |
PROJECT MANAGEMENT |
| 942 ## - ADDED ENTRY ELEMENTS (KOHA) |
| Item type |
Articles |